000
00244nam a2200109Ia 4500
008
190216s9999||||xx |||||||||||||| ||und||
100
_a
Susheel Kumar
245
0
_a
Hindi-Mahakavi Kalidas
260
_b
Umesh Pub
650
_a
Hindi
942
_c
BK
999
_c
15544
_d
15544